000 00360 a2200157 4500
001 152667
040 _cEscola São Tomás de Aquino
100 _aCARR, Stella
240 1 0 _aO enigma das letras verdes
_lpor
245 1 0 _aO enigma das letras verdes
300 _a99
362 0 _a1992
440 1 _aModerna
697 _a*LITERATURA JUVENIL
942 _cBK
999 _c152667
_d152667